00351nam a22001217a 4500008004100000020002200041082000800063100003900071245005200110260003600162300001900198500001200217230314b |||||||| |||| 00| 0 eng d a978-0-615-40583-4 a781 aJanet Herman and Kheng Sonam Dorji aMasters of Bhutanese Traditional Music Volume 1 bMusic of Bhutan Research Center a58 p.c21.5 cm awith CD